000 00526nam a2200169Ia 4500
008 090201s9999 xx 000 0 und d
010 _aKPL-31613
040 _bमराठी
041 _aमराठी
082 _a33974
_b31613
100 _aवसंत देशमुख
245 _aसरकारी दिवस
_cवसंत देशमुख
260 _c2004
_bमुक्ता प्रकाशन
300 _a311
_bमोठा
600 _aसरकारी दिवस
942 _cBOOK
999 _c232196
_d232196